| 000 | 00513nam a22001937a 4500 | ||
|---|---|---|---|
| 003 | OSt | ||
| 005 | 20160425152319.0 | ||
| 008 | 160425b xxu||||| |||| 00| 0 eng d | ||
| 020 | _a0340725400 | ||
| 040 | _cDDC. | ||
| 082 | _a371.1KER 1998. | ||
| 100 |
_aProfessorTrevor,kerry; _98250 |
||
| 245 | _aQuestioning and Answering in Classrooms; | ||
| 260 |
_aLondon. _bHodder&Stoughton. _c1998. |
||
| 300 |
_axiv,162p; _bill; _c16cm. |
||
| 504 | _aincludes index. | ||
| 650 |
_aEducation. _91404 |
||
| 942 |
_2ddc _cSLOAN |
||
| 999 |
_c3739 _d3739 |
||